Θέα από ψηλά : φαντασία και αφήγηση στα κόμικς
Αποθηκεύτηκε σε:
| Άλλοι συγγραφείς: | |
|---|---|
| Μορφή: | Βιβλίο |
| Γλώσσα: | Greek |
| Δημοσίευση: |
Αθήνα :
Ηλίβατον,
2010
|
| Θέματα: | |
| Ετικέτες: |
Προσθήκη ετικέτας
Δεν υπάρχουν, Καταχωρήστε ετικέτα πρώτοι!
|
MARC
| LEADER | 00000nam a2200000 i 4500 | ||
|---|---|---|---|
| 001 | 1/48453 | ||
| 008 | 140530s2010 gre d | ||
| 020 | |a 978-960-8085-13-8 | ||
| 035 | |l 10117830 | ||
| 040 | |a GR-MY-UA |b gre |e aacr | ||
| 041 | 0 | |a gre | |
| 082 | 0 | |a 741.5 |2 (23) | |
| 245 | 1 | 0 | |a Θέα από ψηλά : |b φαντασία και αφήγηση στα κόμικς / |c επιμέλεια Αβραάμ Κάουα ... [κ.ά.] |
| 260 | |a Αθήνα : |b Ηλίβατον, |c 2010 | ||
| 300 | |a 311 σ.; |b εικ.; |c 25 εκ. | ||
| 500 | |a Το βιβλίο περιλαμβάνει επιλογή κειμένων από το Διεθνές Συνέδριο Κόμικς "Αποχρώσεις δύο κόσμων: κόμικς και [επιστημονική] φαντασία" που πραγματοποιήθηκε στην Μυτιλήνη, τον Μάιο 2005 | ||
| 500 | |a επιμέλεια: Αβραάμ Κάουα, Εύη Σαμπανίκου, Πάνος Κρητικός, Μυρτώ Τσελέντη | ||
| 504 | |a Περιέχει παράρτημα με τις ελληνικές εκδόσεις ξενόγλωσσων κόμικς μετά το 2005. Περιέχει βιβλιογραφία | ||
| 650 | 0 | 0 | |a Comic books, strips, etc. |
| 650 | 0 | 0 | |a Comic books, strips, etc. |x History and criticism. |
| 650 | 0 | 0 | |a Fantasy comic books, strips, etc. |
| 700 | 1 | |a Κάουα, Αβραάμ. |4 edt | |
| 852 | |a INST |b LESVOS |c EUDOXUS |e 20140530 |h 741.5 ΘΕΑ |p 005100054266 |q 005100054266 |t EDX |y 0 | ||
| 852 | |a INST |b LESVOS |c EUDOXUS |e 20140530 |h 741.5 ΘΕΑ |p 005100054271 |q 005100054271 |t EDX |y 0 | ||
| 852 | |a INST |b LESVOS |c EUDOXUS |e 20150119 |h 741.5 ΘΕΑ |p 005100056288 |q 005100056288 |t EDX |y 0 | ||
| 901 | |a BIBL1-2014-2 | ||
| 901 | |a BIBL1-2015-1 | ||
| 909 | |a Λ |b 189378 | ||
| 909 | |a Λ |b 189379 | ||
| 909 | |a Λ |b 191486 | ||
| 920 | |a ΕΥΔΟΞΟΣ |b ΠΑΡΑΓΓΕΛΙΑ-ΤΠΤΕ |y ΛΕΣΒΟΣ |z 2014-05 | ||
| 920 | |a ΕΥΔΟΞΟΣ |b ΠΑΡΑΓΓΕΛΙΑ-ΤΠΤΕ |y ΛΕΣΒΟΣ |z 2014-11 | ||
| 970 | |a ΚΑΜΑΤΣΟΥ |b ΔΕΣΠΟΙΝΑ |z 2014/05/30 | ||